Demonym of Every Country in the Caribbean - Statistics

General Stats
  • This quiz has been taken 32 times
  • The average score is 11 of 13
Answer Stats
Countries Demonyms % Correct
Antigua and Barbuda Antiguan / Barbudan
100%
Cuba Cuban
100%
Dominica Dominican
100%
Dominican Republic Dominican
100%
Haiti Haitian
100%
Jamaica Jamaican
100%
Bahamas Bahamian
83%
Barbados Barbadian / Bajan
83%
Trinidad and Tobago Trinidadian / Tobagonian
83%
Grenada Grenadian
80%
Saint Lucia Saint Lucian
77%
Saint Vincent and the Grenadies Saint Vincentian
53%
Saint Kitts and Nevis Kittitian / Nevisian
47%
No matching quizzes found
Score Distribution
Percent of People with Each Score
Percentile by Number Answered
Your Score History
You have not taken this quiz